=LDR 00000nam 2200000 4500 =001 INLIS000000000011475 =005 20130612103033 =008 ***********************************Ind** =035 ##$$0010-061300000011475 =041 ##$$a Ind =082 ##$$a 382 =090 ##$$a 382, Gau P =100 ##$$a Gautama, Sudargo =245 ##$$a Perkembangan arbitrase dagang Internasional di Indonesia, Prof Mr.DR.Sudargo Gautama =260 ##$$a 1989 $b Bandung =300 ##$$a VIII,200 hlm., 21 cm =650 ##$$a Perdagangan Internasional =850 ##$$a NBPNMAT